[Event "UKR-ch U16"]
[Site "Vinnytsia"]
[Date "2007.03.12"]
[Round "11"]
[White "Krugliakov, Pavel"]
[Black "Danilenko, Dmitriy"]
[Result "1-0"]
[WhiteElo "2289"]
[BlackElo "2120"]
[PlyCount "97"]
[EventDate "2007.03.02"]
[EventType "tourn"]
[EventRounds "11"]
[EventCountry "UKR"]
[EventCategory "1"]
[SourceTitle "CBM 117 Extra"]
[Source "ChessBase"]
[SourceDate "2007.05.09"]
[SourceVersion "1"]
[SourceVersionDate "2007.05.09"]
[SourceQuality "1"]

1. e4 Nf6 2. e5 Nd5 3. d4 d6 4. Nf3 dxe5 5. Nxe5 c6 6. Bc4 Nd7 7. Nf3 e6 8. 0-0 b5 9. Bb3 Bb7 10. Nbd2 N5b6 11. Qe2 a5 12. Re1 Be7 13. c3 Qc7 14. Ne4 h6 15. Ne5 Nxe5 16. Bf4 Bf6 17. Rad1 0-0-0 18. dxe5 Be7 19. Bg3 Kb8 20. Nd6 Bxd6 21. exd6 Qd7 22. Qe5 a4 23. Qc5 Nc8 24. Bc2 h5 25. h3 h4 26. Bh2 g5 27. Qxg5 Rdg8 28. Qc5 Ka8 29. Be4 f6 30. Bf3 Rg5 31. Qe3 Re8 32. b3 a3 33. c4 b4 34. c5 Na7 35. Rd4 Rxc5 36. Rxb4 Ra5 37. Qc3 Nb5 38. Qxf6 Nxd6 39. Rxh4 Nf5 40. Qc3 Ra6 41. Rh8 Qc8 42. Rxe8 Qxe8 43. Rd1 Ne7 44. Rd6 Nf5 45. Rd2 Ne7 46. h4 Nd5 47. Qe5 Ra5 48. h5 Rb5 49. h6 1-0

[Event "UKR-ch U16"]
[Site "Vinnytsia"]
[Date "2007.03.11"]
[Round "10"]
[White "Baryshpolets, Andrey"]
[Black "Krugliakov, Pavel"]
[Result "1-0"]
[WhiteElo "2264"]
[BlackElo "2289"]
[PlyCount "101"]
[EventDate "2007.03.02"]
[EventType "tourn"]
[EventRounds "11"]
[EventCountry "UKR"]
[EventCategory "1"]
[SourceTitle "CBM 117 Extra"]
[Source "ChessBase"]
[SourceDate "2007.05.09"]
[SourceVersion "1"]
[SourceVersionDate "2007.05.09"]
[SourceQuality "1"]

1. d4 Nf6 2. c4 e6 3. g3 Bb4+ 4. Bd2 Qe7 5. Bg2 Nc6 6. Nf3 Bxd2+ 7. Nbxd2 d6 8. 0-0 0-0 9. e4 e5 10. d5 Nb8 11. Ne1 a5 12. Nd3 Na6 13. a3 c6 14. dxc6 bxc6 15. b4 Bg4 16. f3 Be6 17. Kh1 Rfb8 18. Rb1 axb4 19. axb4 Rb6 20. f4 Rab8 21. Qa4 exf4 22. gxf4 Ng4 23. Rf3 Nc7 24. h3 Ra6 25. Qc2 Nf6 26. b5 cxb5 27. Nb4 Rab6 28. e5 bxc4 29. Nc6 Rxc6 30. Rxb8+ Nfe8 31. Rg3 d5 32. f5 Bd7 33. Nf3 Qc5 34. e6 Nxe6 35. fxe6 Rxe6 36. Qc3 f6 37. Nd4 Re5 38. Re3 Qd6 39. Ra8 h6 40. Nf3 Rxe3 41. Qxe3 Kf7 42. Nd4 Nc7 43. Ra7 Kg6 44. Ra1 Kh7 45. Rd1 Na6 46. Ne2 Nb4 47. Qf4 Qc5 48. Qd4 Qc8 49. Nf4 Ba4 50. Rb1 Bb3 51. Nxd5 1-0

[Event "UKR-ch U16"]
[Site "Vinnytsia"]
[Date "2007.03.10"]
[Round "9"]
[White "Krugliakov, Pavel"]
[Black "Onischuk, Vladimir"]
[Result "1-0"]
[WhiteElo "2289"]
[BlackElo "2469"]
[PlyCount "61"]
[EventDate "2007.03.02"]
[EventType "tourn"]
[EventRounds "11"]
[EventCountry "UKR"]
[EventCategory "1"]
[SourceTitle "CBM 117 Extra"]
[Source "ChessBase"]
[SourceDate "2007.05.09"]
[SourceVersion "1"]
[SourceVersionDate "2007.05.09"]
[SourceQuality "1"]

1. e4 c5 2. Nf3 d6 3. d4 cxd4 4. Nxd4 Nf6 5. Nc3 a6 6. Bg5 e6 7. f4 Nbd7 8. Qf3 Qc7 9. 0-0-0 Be7 10. g4 b5 11. Bxf6 Nxf6 12. g5 Nd7 13. f5 Bxg5+ 14. Kb1 Ne5 15. Qh5 Qd8 16. h4 Bf6 17. fxe6 0-0 18. Bh3 fxe6 19. Bxe6+ Kh8 20. Nd5 g6 21. Qe2 Bb7 22. h5 g5 23. Rhf1 Rb8 24. Rf5 Nc4 25. Nxf6 Rxf6 26. Bxc4 bxc4 27. Qf2 Rh6 28. Nf3 Rxh5 29. Qd4+ Kg8 30. Nxg5 Qe7 31. Rg1 1-0

[Event "UKR-ch U16"]
[Site "Vinnytsia"]
[Date "2007.03.09"]
[Round "8"]
[White "Omelja, Artem"]
[Black "Krugliakov, Pavel"]
[Result "0-1"]
[WhiteElo "2209"]
[BlackElo "2289"]
[PlyCount "96"]
[EventDate "2007.03.02"]
[EventType "tourn"]
[EventRounds "11"]
[EventCountry "UKR"]
[EventCategory "1"]
[SourceTitle "CBM 117 Extra"]
[Source "ChessBase"]
[SourceDate "2007.05.09"]
[SourceVersion "1"]
[SourceVersionDate "2007.05.09"]
[SourceQuality "1"]

1. f4 e5 2. fxe5 d6 3. Nf3 dxe5 4. Nc3 Nc6 5. a3 Nf6 6. d3 a5 7. Bg5 h6 8. Bh4 g5 9. Bg3 Bc5 10. e4 0-0 11. Qd2 Qe7 12. Be2 Rd8 13. Rf1 Ne8 14. h3 f6 15. Nh2 Be6 16. Ng4 Qg7 17. Ne3 Bxe3 18. Qxe3 Nd4 19. Bd1 Nd6 20. Bh2 c5 21. g4 c4 22. Nd5 Bxd5 23. exd5 cxd3 24. Qxd3 f5 25. c3 f4 26. cxd4 e4 27. Qe2 Qxd4 28. Bb3 a4 29. Ba2 Rac8 30. Qd2 Qxd2+ 31. Kxd2 Nc4+ 32. Ke2 Ne3 33. Bxf4 Nxf1 34. Be5 Nh2 35. Ke3 Rc2 36. Bf6 Rf8 37. d6+ Kh7 38. Bb1 Nf1+ 39. Kd4 Rd2+ 40. Ke5 Ng3 41. Be7 Rf4 42. Ke6 Kg7 43. Ba2 Ne2 44. Bd5 Nd4+ 45. Kd7 e3 46. Re1 Nc2 47. Rc1 e2 48. Bxb7 Rf1 0-1

[Event "UKR-ch U16"]
[Site "Vinnytsia"]
[Date "2007.03.03"]
[Round "2"]
[White "Borsuk, Konstantin"]
[Black "Krugliakov, Pavel"]
[Result "1/2-1/2"]
[WhiteElo "2263"]
[BlackElo "2289"]
[PlyCount "101"]
[EventDate "2007.03.02"]
[EventType "tourn"]
[EventRounds "11"]
[EventCountry "UKR"]
[EventCategory "1"]
[SourceTitle "CBM 117 Extra"]
[Source "ChessBase"]
[SourceDate "2007.05.09"]
[SourceVersion "1"]
[SourceVersionDate "2007.05.09"]
[SourceQuality "1"]

1. d4 Nf6 2. c4 e6 3. Nc3 Bb4 4. Qc2 d5 5. a3 Be7 6. cxd5 exd5 7. Bg5 h6 8. Bh4 0-0 9. e3 Re8 10. Bd3 c5 11. dxc5 d4 12. Bxf6 Bxf6 13. 0-0-0 Nc6 14. Nb5 Qe7 15. Nxd4 Bxd4 16. exd4 Qg5+ 17. Kb1 Nxd4 18. Nf3 Nxc2 19. Nxg5 Nxa3+ 20. Ka2 hxg5 21. Kxa3 Be6 22. Be4 Rac8 23. b4 Rc7 24. Rd4 Bd7 25. Rhd1 Bc6 26. Bxc6 Rxc6 27. Rd7 a5 28. Rxb7 axb4+ 29. Kxb4 Re2 30. Rd8+ Kh7 31. Kb5 Rf6 32. Rb6 Rfxf2 33. c6 Rc2 34. g4 Rxh2 35. Ka6 Rc4 36. Kb7 Rhc2 37. Rd7 Rxg4 38. c7 Rgc4 39. Rxf7 g4 40. Rb3 Kh6 41. Kb8 g6 42. Rd7 Rc5 43. Re7 Kg5 44. Rf7 R2c3 45. Rxc3 Rxc3 46. c8Q Rxc8+ 47. Kxc8 g3 48. Ra7 g2 49. Ra1 Kh4 50. Kd7 Kh3 51. Ke6 1/2-1/2